Diccionari castellà - català / presentació d'Antoni Dalmau ; pròleg de Manuel Seco
Descripción Física:
1367 p. ; 21 cm
Colección:
Diccionaris d'Enciclopèdia Catalana
Materias:
Castellà -- Diccionaris -- Català
MARC
| LEADER | 00000nam a2200000Ia 4500 | ||
|---|---|---|---|
| 001 | 12071 | ||
| 008 | 160829s1997 xx 000 0 cat d | ||
| 080 | |a Sala Tècnica | ||
| 245 | |a Diccionari castellà - català / presentació d'Antoni Dalmau ; pròleg de Manuel Seco | ||
| 250 | |a 3a ed. | ||
| 260 | |a Barcelona : |b Enciclopèdia Catalana, |c 1997 | ||
| 300 | |a 1367 p. ; |c 21 cm | ||
| 490 | |a Diccionaris d'Enciclopèdia Catalana | ||
| 650 | |a Castellà |x Diccionaris |x Català |9 25989 | ||
| 700 | |a Dalmau i Ribalta, Antoni, |d 1951-2022 |9 25991 | ||
| 700 | |a Seco, Manuel, pr. |9 25992 | ||
| 901 | |a Arxiu | ||
| 942 | |n 1 | ||
| 952 | |0 0 |1 0 |4 0 |6 SALA_TÈCNICA |7 1 |9 47403 |a Arxiu |b Arxiu |d 2016-12-01 |l 0 |o Sala Tècnica |p 12071 |r 2016-12-01 00:00:00 |w 2016-12-01 |y ARXIU | ||
| 999 | |c 51201 |d 51201 | ||